000 00725cab a2200241 4500
001 WB3514-40
008 090401t1999 xxu||||| |||| 00| 0 eng d
035 _a(Sirsi) u92797
041 _aeng
245 _aRents on the increase as demand for land grows
260 _c1999
350 _a0
490 _aScotsman
_v16 April 1999, 34
490 _aHerald
_v16 April 1999, 28(2)
520 _aPresents the main issues raised at a recent seminar in Edinburgh, including the upward movement of farm rents and current trends in agricultural land values.
650 _aFARM RENTS
650 _aLAND VALUES
650 _aSCOTLAND
650 _aTRENDS
690 _aRURAL PRACTICE
942 _n0
948 _c16/04/1999
999 _c58817
_d58817